The giver (Record no. 9060)

MARC details
000 -LEADER
fixed length control field 00824nam a22002177a 4500
003 - CONTROL NUMBER IDENTIFIER
control field OSt
005 - DATE AND TIME OF LATEST TRANSACTION
control field 20260312082642.0
008 - FIXED-LENGTH DATA ELEMENTS--GENERAL INFORMATION
fixed length control field 260312b |||||||| |||| 00| 0 eng d
020 ## - INTERNATIONAL STANDARD BOOK NUMBER
International Standard Book Number 0-440-23768-8
040 ## - CATALOGING SOURCE
Original cataloging agency DWCL GS lib
Transcribing agency OC
082 ## - DEWEY DECIMAL CLASSIFICATION NUMBER
Classification number L934g 1993
100 ## - MAIN ENTRY--PERSONAL NAME
Personal name LOWRY, LOIS
245 ## - TITLE STATEMENT
Title The giver
Statement of responsibility, etc. LOIS LOWRY
260 ## - PUBLICATION, DISTRIBUTION, ETC.
Place of publication, distribution, etc. New York
Name of publisher, distributor, etc. Dell Laurel-Leaf
Date of publication, distribution, etc. 1993
300 ## - PHYSICAL DESCRIPTION
Extent 179 p
Dimensions 18cm
520 ## - SUMMARY, ETC.
Summary, etc. a dystopian novel about 12-year-old Jonas, who lives in a "utopian" society free of pain, color, and emotion, managed by "Sameness".
650 ## - SUBJECT ADDED ENTRY--TOPICAL TERM
Topical term or geographic name entry element profound wisdom, and the heavy burden of holding humanity's collective memories.
650 ## - SUBJECT ADDED ENTRY--TOPICAL TERM
Topical term or geographic name entry element a life without pain, conflict, or freedom is not truly worth living, as it requires sacrificing love, joy, and humanity.
700 ## - ADDED ENTRY--PERSONAL NAME
Personal name LOIS LOWRY
942 ## - ADDED ENTRY ELEMENTS (KOHA)
Source of classification or shelving scheme Dewey Decimal Classification
Koha item type Fiction
Suppress in OPAC No

No items available.